Pitches by Pitcher - Statistics

General Stats
  • This quiz has been taken 59 times
  • The average score is 6 of 7
Answer Stats
Hint Answer % Correct
Phil/Joe Niekro, R.A.Dickey Knuckleball
98%
Clayton Kershaw, DocGooden Curveball
95%
Justin Verlander, Pedro Martinez Fastball
91%
Trevor Hoffman, Cole Hamels Changeup
86%
Craig Kimbrel, Orel Hershiser Slider
84%
Mariano Rivera,Jon Lester Cutter
73%
Fernando Valenzuela Screwball
55%
No matching quizzes found
Score Distribution
Percent of People with Each Score
Percentile by Number Answered
Your Score History
You have not taken this quiz